| 000 | 00522nam a2200169 a 4500 | ||
|---|---|---|---|
| 001 | 000027211 | ||
| 003 | DO-SdBNP | ||
| 005 | 20220628094335.0 | ||
| 008 | 110404s1984 dr a 000 0 spa d | ||
| 040 |
_aDO-SdBNP _bspa _cBNPHU |
||
| 049 | _aBNPD | ||
| 245 | 0 | 0 | _aProgramación regular de cursos 1984 / |
| 260 |
_aSanto Domingo : _bINCA, _c[1984]. |
||
| 300 |
_a100 P. ; _c28 cm. |
||
| 710 | 1 |
_aRepública Dominicana . _bSecretaría de Estado de Finanza , _bInstituto de Capacitación Tributaria _954280 |
|
| 942 |
_2ddc _cLBS1 |
||
| 999 |
_c26703 _d26703 |
||